[Event "GER-chT Betriebe 18th"]
[Site "Altenberg Zinnwald"]
[Date "2018.11.11"]
[Round "7.4"]
[White "Buchholz, Robert"]
[Black "Huebner, Detlef"]
[Result "1-0"]
[WhiteElo "1967"]
[BlackElo "1513"]
[PlyCount "59"]
[EventDate "2018.11.08"]
[EventType "team-swiss"]
[EventRounds "7"]
[EventCountry "GER"]
[SourceTitle "EXT 2020"]
[Source "ChessBase"]
[SourceDate "2019.10.17"]
[SourceVersion "1"]
[SourceVersionDate "2019.10.17"]
[SourceQuality "1"]
[WhiteTeam "Hamburg Baubehoerde"]
[BlackTeam "Frankfurt Commerzbank"]
[WhiteTeamCountry "GER"]
[BlackTeamCountry "GER"]

1. d4 Nf6 2. c4 g6 3. Nc3 d5 4. Nf3 Bg7 5. e3 0-0 6. Bd3 c6 7. 0-0 dxc4 8. Bxc4 Bf5 9. Qb3 Qb6 10. Bd2 Qxb3 11. Bxb3 Nbd7 12. h3 Bd3 13. Rfd1 Ba6 14. Rac1 e6 15. Ne1 Nb6 16. Nc2 Nc4 17. Bxc4 Bxc4 18. b3 Ba6 19. Nb4 Nd5 20. Ncxd5 cxd5 21. Nxa6 bxa6 22. Rc6 Rfc8 23. Rdc1 Rxc6 24. Rxc6 Bf6 25. Bb4 a5 26. Bxa5 Bd8 27. Bxd8 Rxd8 28. Rc7 a6 29. Rc6 a5 30. Ra6 1-0

[Event "GER-chT Betriebe 17th"]
[Site "Berlin"]
[Date "2017.11.03"]
[Round "3.1"]
[White "Huebner, Detlef"]
[Black "Feikes, Joerg"]
[Result "0-1"]
[WhiteElo "1573"]
[BlackElo "1971"]
[PlyCount "101"]
[EventDate "2017.11.02"]
[EventType "team-swiss"]
[EventRounds "7"]
[EventCountry "GER"]
[SourceTitle "EXT 2020"]
[Source "ChessBase"]
[SourceDate "2019.10.17"]
[SourceVersion "1"]
[SourceVersionDate "2019.10.17"]
[SourceQuality "1"]
[WhiteTeam "Frankfurt AGI II"]
[BlackTeam "Berlin Tempelhof II"]
[WhiteTeamCountry "GER"]
[BlackTeamCountry "GER"]

1. c4 e5 2. Nc3 Nf6 3. Nf3 Nc6 4. d4 exd4 5. Nxd4 Bb4 6. Nxc6 bxc6 7. Qc2 0-0 8. Bg5 Re8 9. e3 h6 10. Bh4 Be7 11. Be2 Bb7 12. 0-0 c5 13. Rad1 Ne4 14. Bxe7 Qxe7 15. Nd5 Bxd5 16. Rxd5 d6 17. Bf3 a5 18. b3 Rad8 19. Bxe4 Qxe4 20. Qxe4 Rxe4 21. Rfd1 Rde8 22. g3 a4 23. R5d3 f5 24. Rc1 a3 25. Rb1 Rb8 26. Kf1 Rxc4 27. Ke2 Rc2+ 28. Rd2 Rxd2+ 29. Kxd2 Kf7 30. Kc3 Rb4 31. Rd1 Ke6 32. f3 g5 33. Re1 d5 34. Re2 Ke5 35. Kd3 c6 36. Kc3 Rb8 37. Kd3 Rb4 38. f4+ Kd6 39. Rf2 g4 40. Rc2 h5 41. Kc3 Kc7 42. Kd3 Kb6 43. Kc3 Ka5 44. Kd3 Re4 45. Rc3 Kb4 46. Rc2 Re6 47. Rc1 Rh6 48. Rc2 h4 49. Rg2 hxg3 50. hxg3 Rh3 51. Rg1 0-1

[Event "GER-chT Betriebe 16th"]
[Site "Dresden"]
[Date "2016.11.06"]
[Round "7.3"]
[White "Brethauer, Tim"]
[Black "Huebner, Detlef"]
[Result "1/2-1/2"]
[WhiteElo "1641"]
[BlackElo "1558"]
[PlyCount "28"]
[EventDate "2016.11.03"]
[EventType "team-swiss"]
[EventRounds "7"]
[EventCountry "GER"]
[SourceTitle "EXT 2020"]
[Source "ChessBase"]
[SourceDate "2019.10.17"]
[SourceVersion "1"]
[SourceVersionDate "2019.10.17"]
[SourceQuality "1"]
[WhiteTeam "Stuttgart Sparkassen-Vers II"]
[BlackTeam "Frankfurt Commerzbank II"]
[WhiteTeamCountry "GER"]
[BlackTeamCountry "GER"]

1. e4 c6 2. d4 d5 3. exd5 cxd5 4. Nf3 Nf6 5. Bb5+ Nc6 6. 0-0 a6 7. Be2 Bf5 8. c3 e6 9. Bg5 Be7 10. Nbd2 h6 11. Be3 Bd6 12. Re1 Qc7 13. Nf1 0-0 14. Ng3 Bg6 1/2-1/2

[Event "GER-chT Betriebe 16th"]
[Site "Dresden"]
[Date "2016.11.05"]
[Round "5.3"]
[White "Huebner, Detlef"]
[Black "Quast, Michael"]
[Result "0-1"]
[WhiteElo "1558"]
[BlackElo "1723"]
[PlyCount "49"]
[EventDate "2016.11.03"]
[EventType "team-swiss"]
[EventRounds "7"]
[EventCountry "GER"]
[SourceTitle "EXT 2020"]
[Source "ChessBase"]
[SourceDate "2019.10.17"]
[SourceVersion "1"]
[SourceVersionDate "2019.10.17"]
[SourceQuality "1"]
[WhiteTeam "Frankfurt Commerzbank II"]
[BlackTeam "Berlin Tempelhof II"]
[WhiteTeamCountry "GER"]
[BlackTeamCountry "GER"]

1. c4 b6 2. d4 e6 3. Nc3 Bb7 4. Nh3 Bb4 5. Bd2 f5 6. f3 Qh4+ 7. Nf2 Qxd4 8. e3 Qh4 9. a3 Be7 10. Be2 Nh6 11. Qc2 0-0 12. e4 fxe4 13. Ncxe4 Nf5 14. g3 Qh5 15. Qd3 Qf7 16. Ng5 Bxg5 17. Bxg5 c5 18. Ne4 d5 19. Nc3 dxc4 20. Qxc4 Nd4 21. Ne4 Ba6 22. Nd6 Bxc4 23. Nxf7 Bxe2 24. Ne5 Bxf3 25. Nxf3 0-1

[Event "GER-chT Betriebe 16th"]
[Site "Dresden"]
[Date "2016.11.05"]
[Round "4.3"]
[White "Topol, Martin"]
[Black "Huebner, Detlef"]
[Result "1-0"]
[WhiteElo "1362"]
[BlackElo "1558"]
[PlyCount "45"]
[EventDate "2016.11.03"]
[EventType "team-swiss"]
[EventRounds "7"]
[EventCountry "GER"]
[SourceTitle "EXT 2020"]
[Source "ChessBase"]
[SourceDate "2019.10.17"]
[SourceVersion "1"]
[SourceVersionDate "2019.10.17"]
[SourceQuality "1"]
[WhiteTeam "Stuttgart Wuestenrot&Wuertt"]
[BlackTeam "Frankfurt Commerzbank II"]
[WhiteTeamCountry "GER"]
[BlackTeamCountry "GER"]

1. e4 c6 2. c4 d5 3. d4 dxe4 4. f3 e6 5. Nc3 Bb4 6. a3 Bxc3+ 7. bxc3 Nd7 8. Qc2 exf3 9. Nxf3 Ngf6 10. Bd3 h6 11. 0-0 0-0 12. Qf2 e5 13. dxe5 Ng4 14. Qg3 Ndxe5 15. Nxe5 Nxe5 16. Bxh6 Ng4 17. Bf4 Qa5 18. h3 Nf6 19. Bd6 Re8 20. Rxf6 Qb6+ 21. c5 Qb2 22. Raf1 Qd2 23. Rxf7 1-0

[Event "Lippe Cup 04th"]
[Site "Lieme"]
[Date "2007.09.28"]
[Round "1"]
[White "Huebner, Detlef"]
[Black "Hochfeldt, Thomas"]
[Result "1-0"]
[WhiteElo "1525"]
[BlackElo "1246"]
[PlyCount "80"]
[EventDate "2007.09.28"]
[EventType "swiss"]
[EventRounds "5"]
[EventCountry "GER"]
[SourceTitle "EXT 2012"]
[Source "ChessBase"]
[SourceDate "2011.11.24"]
[SourceVersion "1"]
[SourceVersionDate "2011.11.24"]
[SourceQuality "1"]

1. c4 d5 2. d4 Nf6 3. Nc3 c6 4. c5 Bf5 5. Nf3 Nbd7 6. h3 h6 7. Bf4 e6 8. e3 Be7 9. Bd3 Ne4 10. Qc2 Nxc3 11. Bxf5 exf5 12. bxc3 g6 13. 0-0 0-0 14. Bxh6 Re8 15. Bf4 Nf6 16. Rab1 Qd7 17. Ng5 Nh5 18. Nf3 Nxf4 19. exf4 Rab8 20. Ne5 Qc7 21. Rb3 Kf8 22. Rfb1 b6 23. cxb6 axb6 24. Rxb6 Rbd8 25. Nxc6 Rd6 26. Nxe7 Rxb6 27. Rxb6 Qxb6 28. Nxd5 Re1+ 29. Kh2 Qe6 30. Ne3 Ra1 31. c4 Qd6 32. Qb2 Re1 33. d5 Qa6 34. Qb8+ Kg7 35. Qe5+ Kh7 36. Qe7 Kg8 37. Qe8+ Kh7 38. Qxf7+ Kh8 39. Qf8+ Kh7 40. Qf7+ Kh8 1-0